| 000 | 00620nam a22002297a 4500 | ||
|---|---|---|---|
| 003 | dpl | ||
| 005 | 20180730125057.0 | ||
| 008 | 180730b xxu||||| |||| 00| 0 eng d | ||
| 010 | _aA-996235 | ||
| 020 | _c0.00 | ||
| 035 | _aA-996235 | ||
| 037 | _bBPPD/PUB | ||
| 040 |
_adpl _bEnglish _c0 |
||
| 082 | _aN | ||
| 100 | _aKohli.M.R | ||
| 245 |
_aStruggle hope betrayal india at the cross roads / _cM.R.Kohli |
||
| 260 | _bHar-anand publications PVT LTD | ||
| 270 |
_a364-A, Chirag delhi _bNew delhi _e110017 |
||
| 300 |
_a291p. _c24 cm (Hb) |
||
| 650 | _aAccountancy | ||
| 942 |
_adpl _cEN _kN/ KOH _2ddc _hN _mKOH |
||
| 999 |
_c155119 _d155119 |
||